MAKING EVERY PRIMARY LESSON COUNT: SIX PRINCIPLES TO SUPPORT GREAT TEACHING AND LEARNING (Record no. 216642)

MARC details
000 -LEADER
fixed length control field 00692nam a22001817a 4500
008 - FIXED-LENGTH DATA ELEMENTS--GENERAL INFORMATION
fixed length control field 260225b |||||||| |||| 00| 0 eng d
020 ## - INTERNATIONAL STANDARD BOOK NUMBER
International Standard Book Number 978-178583181-2
050 ## - LIBRARY OF CONGRESS CALL NUMBER
Classification number LB 1555.P 39 2022
100 ## - MAIN ENTRY--PERSONAL NAME
Personal name PAYNE, JO
245 ## - TITLE STATEMENT
Title MAKING EVERY PRIMARY LESSON COUNT: SIX PRINCIPLES TO SUPPORT GREAT TEACHING AND LEARNING
260 ## - PUBLICATION, DISTRIBUTION, ETC.
Place of publication, distribution, etc. CARMARTHEN, WALES,
Name of publisher, distributor, etc. CROWN HOUSE PUBLISHING LIMITED,
Date of publication, distribution, etc. 2022,
300 ## - PHYSICAL DESCRIPTION
Extent X,155, ILL
500 ## - GENERAL NOTE
General note INCLUDES BIBLIOGRAPHICAL REFERENCES
650 ## - SUBJECT ADDED ENTRY
Topical term or geographic name entry element 1. Teaching-Methodology-Textbooks 2. Primary education Textbooks 3. Effective teaching-Textbooks 4. Curriculum planning-Textbooks
700 ## - ADDED ENTRY--PERSONAL NAME
Personal name SCOTT MEL
942 ## - ADDED ENTRY ELEMENTS (KOHA)
Source of classification or shelving scheme Library of Congress Classification
Koha item type Long Loan Book
Holdings
Withdrawn status Lost status Source of classification or shelving scheme Damaged status Not for loan Collection Home library Current library Shelving location Date acquired Inventory number Total checkouts Full call number Barcode Date last seen Copy number Price effective from Koha item type
    Library of Congress Classification     Arts & Social Sciences Kisii University Library Kisii University Library On Display 02/25/2026 111022   LB 1555.P39 2022 A000671 02/25/2026 1 02/25/2026 Long Loan Book
    Library of Congress Classification     Arts & Social Sciences Kisii University Library Kisii University Library On Display 02/25/2026 111023   LB 1555.P39 2022 A000679 02/25/2026 2 02/25/2026 Long Loan Book
    Library of Congress Classification     Arts & Social Sciences Kisii University Library Kisii University Library On Display 02/25/2026 111024   LB 1555.P39 2022 A000680 02/25/2026 3 02/25/2026 Long Loan Book
    Library of Congress Classification     Arts & Social Sciences Kisii University Library Kisii University Library On Display 02/25/2026 111025   LB 1555.P39 2022 A000681 02/25/2026 4 02/25/2026 Long Loan Book
    Library of Congress Classification     Arts & Social Sciences Kisii University Library Kisii University Library On Display 02/25/2026 111026   LB 1555.P39 2022 A000669 02/25/2026 5 02/25/2026 Long Loan Book